NYC: Address as Name Quiz Stats

Quiz not verified by Sporcle

Challenge
Share
Tweet
Embed
Score 0/19 Timer 07:00
0 Plays Today
Question Answer Wrong Answers
Also known as the Freedom Tower, it is the tallest building in the Western Hemisphere by architectural height. One World Trade Center
95.5%
Bertelsmann Building
2.3%
Solow Building
2.3%
888 7th Avenue
0%
On the western end of 1251 Avenue of the ____ atrium hangs an artist-authorized replica of a tapestry Pablo Picasso created for the ballet Mercure. Americas
86.4%
Stars
0%
Giants
0%
Flags
2.3%
One ___ Plaza is adjacent to Pennsylvania Station and Madison Square Garden. Penn
84.1%
Sean
4.5%
Milk
0%
Mystic
4.5%
The Four Seasons Hotel New York Downtown, also known as 30 ____, is a hotel and residential skyscraper in Tribeca. Park Place
75%
Marvin Gardens
0%
B. & O. Railway
0%
Baltic Avenue
0%
Formerly known as the Condé Nast Building, 4 ____ Square was the location for the climactic action sequences in both The Amazing Spider-Man and Teenage Mutant Ninja Turtles. Times
72.7%
Divide
2.3%
Duffy
0%
Minus
0%
This glass skyscraper on the East Side houses the headquarters of Bloomberg L.P. and is sometimes referred to informally as Bloomberg Tower. 731 Lexington Avenue
72.7%
731 Louisville Avenue
4.5%
731 Bowling Green
9.1%
731 Richmond Street
9.1%
Also known as the Comcast Building, formerly known as the GE Building, and the RCA Building before that; it houses NBC Studios. 30 Rockefeller Plaza
72.7%
10 Hudson Yards
0%
40 Wall Street
2.3%
432 Park Avenue
0%
___ 49 is an office skyscraper in the Midtown, on both 48th Street and 49th Street between 5th Avenue and Madison Avenue. Tower
70.5%
Rise
0%
Belfry
0%
Spire
13.6%
Eleven ____ Park is a Contemporary American restaurant located in the Flatiron District. Madison
68.2%
McKinley
9.1%
Buchanan
2.3%
Garfield
0%
The Hub, also known as 333 ________ Street, is the tallest building in Brooklyn. Schermerhorn
68.2%
Torschlusspanik
2.3%
Erklärungsnot
0%
Luftschloss
15.9%
Formerly known as the American International Building and the Cities Service Building, 70 ___ Street is located at the corner of Pearl Street and Cedar Street in the Financial District. Pine
68.2%
Dime
0%
Shrine
2.3%
Twine
6.8%
200 ____ Street, the global headquarters of the Goldman Sachs investment banking firm, features an environmentally friendly raised floor underfloor air system. West
65.9%
Wind
4.5%
Warren
20.5%
Wade
6.8%
Second ____ Deli, originally opened in 1954, is a certified-kosher delicatessen. Avenue
63.6%
Street
6.8%
Boulevard
0%
Lane
4.5%
The American headquarters of Deutsche Bank is located in the heart of the Financial District. 60 Wall Street
61.4%
One57
0%
Woolworth Building
6.8%
383 Madison Avenue
6.8%
Canada, France, Italy, the UK, Spain, Chile, Sweden, Belgium, Ireland, Austria, Turkey and Denmark all have their permanent missions to the United Nations located in this building. One Dag Hammarskjöld Plaza
59.1%
555 10th Avenue
11.4%
The Zugzwang
4.5%
4433 Gemütlichkeit
0%
Also known as Beekman Tower and New York by Gehry, 8 ___ Street lays just south of City Hall Park and the Brooklyn Bridge. Spruce
59.1%
Balsam
6.8%
Fraser
2.3%
Douglas
6.8%
The tallest hotel in the western hemisphere contains the Courtyard and Residence Inn, with a total of 639 rooms. 1717 Broadway
56.8%
AXA Equitable Center
2.3%
666 6th Avenue
15.9%
1414 14th Street
0%
Herzog & de Meuron describes the the tallest structure in Tribeca, 56 ___ Street, as 'houses stacked in the sky.' Leonard
54.5%
Shatner
6.8%
Kirk
9.1%
Spock
4.5%
Located on the west side of Eighth Avenue, One ___ Plaza is built on the site of New York City's third Madison Square Garden. Worldwide
22.7%
Global
13.6%
Unity
18.2%
Peace
20.5%

You're not logged in!

Compare scores with friends on all Sporcle quizzes.
Sign Up with Email
OR
Log In

You Might Also Like...

Show Comments

Extras

Top Quizzes Today


Score Distribution

Your Account Isn't Verified!

In order to create a playlist on Sporcle, you need to verify the email address you used during registration. Go to your Sporcle Settings to finish the process.